[Event "St. Pauli Open 2013"]
[Site "Hamburg GER"]
[Date "2013.07.06"]
[Round "1.15"]
[White "Moeller,H"]
[Black "Hinrichs,Lars"]
[Result "1-0"]
[WhiteElo "2285"]
[BlackElo "1997"]

1.c4 e5 2.g3 Nf6 3.Bg2 c6 4.d4 exd4 5.Qxd4 Na6 6.Nf3 d5 7.O-O Be7 8.cxd5 Qxd5
9.Nc3 Qxd4 10.Nxd4 O-O 11.h3 Nc7 12.e4 Rd8 13.Be3 Ne6 14.Nb3 Nd7 15.Rad1 b6
16.f4 Ba6 17.Rf2 Ndc5 18.f5 Rxd1+ 19.Nxd1 Rd8 20.Nc3 Nc7 21.Nxc5 bxc5 22.Rc2 Nb5
23.Nxb5 Bxb5 24.b3 h6 25.Kf2 Rd1 26.Bf3 Rf1+ 27.Kg2 Rb1 28.Be2 a6 29.e5 Re1
30.Kf3 Rh1 31.Bxb5 cxb5 32.Bxc5 Bxc5 33.Rxc5 Rxh3 34.Rc8+ Kh7 35.e6  1-0

[Event "EY Boys Teams 2013"]
[Site "Maribor SLO"]
[Date "2013.07.06"]
[Round "1"]
[White "Markoja,B"]
[Black "Urbanc,P"]
[Result "1-0"]
[WhiteElo "2163"]
[BlackElo "2030"]

1.c4 e5 2.g3 Nc6 3.Bg2 Bc5 4.Nc3 a5 5.Nf3 d6 6.O-O Nge7 7.e3 O-O 8.d4 Ba7
9.Nb5 Bb6 10.dxe5 dxe5 11.b3 f6 12.Ba3 Nb4 13.Qe2 Be6 14.Rfd1 Qb8 15.Rac1 Bc5
16.Nc3 Nf5 17.Bb2 c6 18.Na4 Be7 19.a3 Na6 20.Nb6 Ra7 21.Bh3 Qc7 22.Nd5 cxd5
23.cxd5 Qb6 24.dxe6 Nd6 25.Nd2 Nc5 26.Nc4 Nxc4 27.Qxc4 Ra6 28.b4 axb4 29.axb4 Na4
30.Ba3 Raa8 31.Rd7 Rfc8 32.Qxc8+  1-0

[Event "Styrian Open A 2013"]
[Site "Bad Gleichenberg AUT"]
[Date "2013.07.07"]
[Round "2.13"]
[White "Froewis,G"]
[Black "Gutmann,A"]
[Result "1-0"]
[WhiteElo "2423"]
[BlackElo "2065"]

1.g3 e5 2.c4 Nf6 3.Bg2 d5 4.cxd5 Nxd5 5.Nf3 Nc6 6.d3 Be7 7.O-O O-O 8.Nc3 Nb6
9.a3 Be6 10.Bd2 f6 11.Rc1 Na5 12.Nb5 Bb3 13.Qe1 Nc6 14.Be3 Qd7 15.Nd2 Be6
16.Nc3 Rad8 17.Nce4 Nd4 18.Nf3 Nb3 19.Rc2 Nd5 20.Bc5 Qc6 21.Bxe7 Qxc2 22.Bxf8 Kxf8
23.Qb1 Qxb1 24.Rxb1 Ke7 25.Nfd2 Nxd2 26.Nxd2 c5 27.Rc1 b6 28.Bxd5 Bxd5 29.f3 Rd7
30.Kf2 Kd6 31.Ke3 Re7 32.h4 a5 33.g4 Re8 34.h5 h6 35.Ne4+ Bxe4 36.Kxe4 Ke6
37.b4 axb4 38.axb4 Rc8 39.bxc5 bxc5 40.Rc4 Rc7 41.Ra4 Rc6 42.Ra7 c4 43.dxc4 Rxc4+  1-0

[Event "Werner-Ott-Open 2013"]
[Site "Berlin GER"]
[Date "2013.07.07"]
[Round "2.7"]
[White "Kohler,T"]
[Black "Richter,Go"]
[Result "1-0"]
[WhiteElo "2266"]
[BlackElo "2030"]

1.c4 e5 2.g3 g6 3.d4 exd4 4.Qxd4 Nf6 5.Qe3+ Qe7 6.Nc3 d6 7.Bg2 Nbd7 8.Qxe7+ Bxe7
9.Nf3 Ne5 10.b3 Nxf3+ 11.Bxf3 a6 12.Bb2 O-O 13.O-O Re8 14.Rac1 Rb8 15.Nd5 Nxd5
16.cxd5 Bd8 17.Rfe1 Bd7 18.Rc2 Rc8 19.Rec1 h5 20.Bd4 Bf5 21.Rc4 Ra8 22.Kg2 Kf8
23.h3 Bd7 24.g4 h4 25.e3 Ke7 26.g5  1-0

[Event "120th ch-SCO 2013"]
[Site "Helensburgh SCO"]
[Date "2013.07.07"]
[Round "2.1"]
[White "Jones,G"]
[Black "Gormally,D"]
[Result "1/2-1/2"]
[WhiteElo "2643"]
[BlackElo "2496"]

1.c4 e5 2.g3 Nf6 3.Bg2 Nc6 4.Nc3 Bc5 5.Nf3 d6 6.O-O a6 7.e3 O-O 8.d4 Ba7
9.h3 h6 10.b3 Re8 11.dxe5 Nxe5 12.Nxe5 dxe5 13.Ba3 c6 14.Qxd8 Rxd8 15.Be7 Rd3
16.Rac1 Be6 17.Rfd1 Rxd1+ 18.Rxd1 Nd7 19.g4 Re8 20.Bd6 g6 21.Nd5 Bb8 22.Nc7 Bxc7
23.Bxc7 f5 24.gxf5 gxf5 25.Bf3 Rc8 26.Bd6 Kf7 27.Bh5+ Kf6 28.f4 b5 29.Be2 bxc4
30.bxc4 c5 31.fxe5+ Nxe5 32.Kf2 Rc6 33.Bf8 Nxc4 34.Bxh6 Nd6 35.Bf3 Ke5  1/2-1/2

[Event "41st TCh-GRE"]
[Site "Rio (Achaia) GRE"]
[Date "2013.07.07"]
[Round "7.8"]
[White "Karapiperis,A"]
[Black "Papadakis,Georgios D."]
[Result "1-0"]
[WhiteElo "1910"]
[BlackElo "1558"]

1.c4 e5 2.g3 Nc6 3.Bg2 g6 4.Nc3 Bg7 5.e4 Nf6 6.Nge2 O-O 7.O-O d6 8.f4 exf4
9.gxf4 Bg4 10.h3 Bh5 11.d4 Re8 12.Be3 Bxe2 13.Qxe2 Nh5 14.Qd2 Ng3 15.Rfe1 f5
16.e5 dxe5 17.fxe5 Bh8 18.Bd5+ Kf8 19.Bg5 Qc8 20.Bh4 Nh5 21.Qh6+ Bg7 22.Qxh7 Ne7
23.Bxe7+ Kxe7 24.Qxg6 Rh8 25.Qf7+ Kd8 26.e6 Bxd4+ 27.Kh2 c6 28.e7+ Kc7 29.e8=Q+ Kb6
30.Qxc8 Raxc8 31.Bg2 Nf4 32.c5+ Kxc5 33.Qxf5+  1-0

[Event "St. Pauli Open 2013"]
[Site "Hamburg GER"]
[Date "2013.07.08"]
[Round "3.6"]
[White "Korba,R"]
[Black "Souleidis,G"]
[Result "1/2-1/2"]
[WhiteElo "2169"]
[BlackElo "2398"]

1.g3 e5 2.c4 Nf6 3.Bg2 d5 4.cxd5 Nxd5 5.Nc3 Nb6 6.Nf3 Nc6 7.O-O Be7 8.d3 O-O
9.Be3 Be6 10.a3 f6 11.Ne4 Nd4 12.Bxd4 exd4 13.Rc1 a5 14.Nc5 Bxc5 15.Rxc5 c6
16.Qd2 Nd7 17.Rc2 Qb6 18.b4 Bd5 19.bxa5 Rxa5 20.Rb2 Qa6 21.Rfb1 Bxf3 22.Bxf3 b5
23.Qf4 Ne5 24.Qxd4 Nxf3+ 25.exf3 Rxa3 26.Rc2 Qa8 27.Qd6 Rd8 28.Qe6+ Kh8 29.Qxc6 Qxc6
30.Rxc6 Raxd3 31.Rxb5 Rxf3  1/2-1/2

[Event "3rd SPAChess Open"]
[Site "Amsterdam NED"]
[Date "2013.07.09"]
[Round "4.28"]
[White "Cornelisse,J"]
[Black "Breuker,D"]
[Result "1/2-1/2"]
[WhiteElo "2186"]
[BlackElo "2073"]

1.c4 e5 2.g3 Nf6 3.Nc3 d5 4.cxd5 Nxd5 5.Bg2 Nb6 6.Nf3 Nc6 7.O-O Be7 8.d3 O-O
9.Bd2 Be6 10.Rc1 f5 11.Qc2 Nd4 12.Qb1 Bf6 13.b4 c6 14.Rfd1 Qe7 15.Be3 Nd5
16.Bxd4 exd4 17.Nxd5 Bxd5 18.Qb2 Rab8 19.Rc2 g6 20.Qa3 Ra8 21.Qb2 Rfd8 22.Rdc1 Rac8
23.Ne1 Qf7 24.Rc5 Qd7 25.b5 cxb5 26.Rxc8 Rxc8 27.Rxc8+ Qxc8 28.Qxb5 Bxa2
29.Bxb7 Qc1 30.Kf1 Bf7 31.Bd5 Qc7 32.Nf3 Qc1+ 33.Kg2 Qc7 34.Kf1 Qc1+ 35.Kg2 Qc7
36.Kf1  1/2-1/2

[Event "ch-BEL Open 2013"]
[Site "Antwerp BEL"]
[Date "2013.07.09"]
[Round "4.12"]
[White "Bex,Lennert"]
[Black "Noiroux,K"]
[Result "1-0"]
[WhiteElo "1837"]
[BlackElo "2243"]

1.c4 e5 2.g3 Nf6 3.Bg2 Nc6 4.Nc3 Bc5 5.b3 O-O 6.Bb2 a6 7.e3 d6 8.Nge2 Ba7
9.O-O Ne7 10.d4 c6 11.Ba3 exd4 12.Nxd4 Re8 13.Nde2 Bb8 14.Qd2 Bg4 15.Nf4 Qa5
16.Nb1 Qxd2 17.Nxd2 Bc7 18.h3 Bd7 19.Bb2 Kf8 20.Bxf6 gxf6 21.Ne4 Ng8 22.Rfd1 Ke7
23.Nc3 f5 24.b4 Nf6 25.a4 a5 26.b5 Bb6 27.Rab1 Rab8 28.Nce2 Ne4 29.Bxe4 fxe4
30.Nc3 Bc5 31.Rb2 f5 32.Rdb1 Ra8 33.Kh2 Red8 34.Nce2 Ra7 35.Nd4 Bb4 36.Rd1 Rf8
37.h4 Rf6 38.Nc2 Bc5 39.Rdb1 Kd8 40.Nd4 Bb4 41.Rc2 Kc7 42.bxc6 bxc6 43.Nb5+ Kb6
44.Nxa7 Kxa7 45.Ne2 Kb7 46.Kg2 Be8 47.c5 d5 48.Nc3 d4 49.Na2 d3 50.Rcb2 Ka7
51.Nxb4 axb4 52.Rxb4 Rf7 53.Kf1 Rd7 54.Rd4 Rc7 55.Ke1 Bf7 56.Kd2 Bd5 57.a5 h5
58.Rdb4 Be6 59.f3 Bc8 60.fxe4 fxe4 61.Rxe4  1-0

[Event "ch-BEL Open 2013"]
[Site "Antwerp BEL"]
[Date "2013.07.10"]
[Round "5.6"]
[White "Bex,Lennert"]
[Black "Daels,M"]
[Result "1/2-1/2"]
[WhiteElo "1837"]
[BlackElo "2213"]

1.c4 e5 2.g3 Nf6 3.Bg2 d5 4.cxd5 Nxd5 5.Nc3 Nb6 6.Nf3 Nc6 7.b3 g6 8.Bb2 Bg7
9.O-O O-O 10.Qc1 Re8 11.d3 Nd4 12.Nd2 c6 13.h3 f5 14.Nc4 Nd5 15.Qd2 b5 16.Nxd5 cxd5
17.e3 Nc6 18.Na3 a6 19.Nc2 Bb7 20.Nb4 Nxb4 21.Qxb4 Bf8 22.Qd2 Bd6 23.Rac1 Qe7
24.Rc2 Rac8 25.Rfc1 Bb4  1/2-1/2

[Event "ch-BEL Open 2013"]
[Site "Antwerp BEL"]
[Date "2013.07.10"]
[Round "5.15"]
[White "Barbier,Wim"]
[Black "Van Houtte,R"]
[Result "0-1"]
[WhiteElo "2115"]
[BlackElo "1902"]

1.c4 e5 2.g3 Nf6 3.Bg2 Nc6 4.Nc3 Bc5 5.a3 a5 6.e3 O-O 7.Nge2 d6 8.O-O Bf5
9.d4 Bb6 10.h3 Qd7 11.Kh2 Rad8 12.d5 Ne7 13.e4 Bg6 14.f4 exf4 15.Nxf4 h6
16.b4 Bh7 17.Nd3 Bd4 18.Bb2 Bxc3 19.Bxc3 Nxe4 20.Bxe4 Bxe4 21.Nf4 Nf5 22.g4 Ne3
23.Qd4 Nxf1+ 24.Rxf1 f5 25.Ne6 Rde8 26.gxf5 Bxf5 27.Nxg7 Re2+ 28.Kg1 Re4
29.Qd2 Kh7 30.Kh2 Qe7 31.Rf2 Bg6 32.Ne6 Rxf2+ 33.Qxf2 Qf7 34.Qxf7+ Bxf7 35.Nf8+ Kg8
36.Nd7 Rxc4 37.Be1 Kg7  0-1

[Event "120th ch-SCO 2013"]
[Site "Helensburgh SCO"]
[Date "2013.07.10"]
[Round "5.16"]
[White "Stone,A ENG"]
[Black "Robinson,Steph2"]
[Result "1-0"]
[WhiteElo "2190"]
[BlackElo "1879"]

1.c4 e5 2.g3 f5 3.d4 Bb4+ 4.Bd2 Qe7 5.dxe5 Nc6 6.Nf3 Nxe5 7.Nxe5 Bxd2+ 8.Qxd2 Qxe5
9.Bg2 Nf6 10.Nc3 c6 11.Rd1 O-O 12.O-O b6 13.Rfe1 Ba6 14.b3 Rae8 15.e4 Re6
16.Bh3 Ng4 17.f3 Qc5+ 18.Qd4 Qxd4+ 19.Rxd4 Ne5 20.Kg2 Nxf3 21.Kxf3 fxe4+
22.Kg2 Rh6 23.Bxd7 Bb7 24.Rdxe4 Rd6 25.Be6+ Kh8 26.Rd1 Rxd1 27.Nxd1 g6 28.Nc3 Rd8
29.Bg4 c5 30.Nd5 h5 31.Bf3 b5 32.Re7 Bxd5 33.Bxd5 bxc4 34.bxc4 Rb8 35.Rb7 Re8
36.Kf3 Re1 37.Kf4 h4 38.Kg5  1-0

[Event "ch-BEL Open 2013"]
[Site "Antwerp BEL"]
[Date "2013.07.11"]
[Round "6.4"]
[White "Barbier,S"]
[Black "Cools,G"]
[Result "0-1"]
[WhiteElo "2115"]
[BlackElo "2255"]

1.c4 e5 2.g3 Nf6 3.Bg2 Nc6 4.Nc3 Bb4 5.Nd5 a5 6.e3 O-O 7.Ne2 d6 8.O-O Bc5
9.d4 Ba7 10.Nxf6+ Qxf6 11.d5 Ne7 12.Nc3 Qg6 13.a3 Bf5 14.e4 Bg4 15.Qd3 f5
16.exf5 Bxf5 17.Ne4 Bd7 18.Be3 Bxe3 19.fxe3 Rxf1+ 20.Rxf1 b6 21.Nf2 Qxd3
22.Nxd3 Bg4 23.Be4 g6 24.Nf2 Bd7 25.Rc1 Kg7 26.Kf1 a4 27.Ke2 Ng8 28.Nd1 Nf6
29.Nc3 Ra5 30.Bd3 Rc5 31.Nxa4 Bxa4 32.b4 e4 33.Bb1 Rxc4 34.Rxc4 Bb5 35.Ba2 Nxd5
36.Kd2 Bxc4 37.Bxc4 Ne7 38.a4 Kf6 39.a5 bxa5 40.bxa5 Ke5 41.a6 Nc8 42.Bg8 h6
43.Kc3 d5 44.Bf7 g5 45.Bh5 Na7 46.Be8 Kd6 47.Kb4 c5+ 48.Kc3 Kc7 49.Bf7 Kc6
50.Kb3 Kd6 51.Kc3 Nb5+ 52.Kb3 Nc7 53.a7 Kc6 54.Ka4 Kb7 55.Ka5 Kxa7 56.Bxd5 Nxd5
57.Kb5 Nxe3 58.Kxc5 Nd5  0-1

[Event "120th ch-SCO 2013"]
[Site "Helensburgh SCO"]
[Date "2013.07.11"]
[Round "6.15"]
[White "Grant,A"]
[Black "Parks,J"]
[Result "1/2-1/2"]
[WhiteElo "2156"]
[BlackElo "1897"]

1.c4 e5 2.g3 Nf6 3.Bg2 h6 4.Nc3 Bb4 5.Nf3 Bxc3 6.bxc3 d6 7.O-O O-O 8.d3 c6
9.a4 Re8 10.Ba3 Qc7 11.Nd2 Be6 12.Qb3 Nbd7 13.Rfb1 Rab8 14.Rb2 b5 15.axb5 cxb5
16.Qd1 bxc4 17.Rxb8 Rxb8 18.Nxc4 Bxc4 19.dxc4 Nc5 20.Bb4  1/2-1/2

[Event "3rd SPAChess Open"]
[Site "Amsterdam NED"]
[Date "2013.07.12"]
[Round "7.13"]
[White "Lai,Hing Ting"]
[Black "Van der Poel,H"]
[Result "1-0"]
[WhiteElo "2136"]
[BlackElo "2266"]

1.c4 e5 2.g3 g6 3.d4 exd4 4.Qxd4 Nf6 5.Bg2 Nc6 6.Qd2 Bg7 7.Nc3 O-O 8.b3 a6
9.Bb2 Rb8 10.Rd1 d6 11.Nh3 Bd7 12.Nf4 b5 13.c5 dxc5 14.Ncd5 Nd4 15.Nxf6+ Bxf6
16.O-O Be6 17.Qc1 Qe7 18.e3 Nxb3 19.axb3 Bxb3 20.Bxf6 Qxf6 21.Rd7 Rfd8 22.Rxc7 Bc4
23.Re1 Qd6 24.Rc6 Qe5 25.Rxa6 Bb3 26.e4 b4 27.Ra5 Rbc8 28.Nd5 Bxd5 29.exd5 Qc7
30.Rb5 c4 31.Rxb4 c3 32.Qc2 Qc5 33.Rb3 Qd4 34.Rd1 Qe5 35.Rc1  1-0

[Event "3rd SPAChess Open"]
[Site "Amsterdam NED"]
[Date "2013.07.12"]
[Round "7.17"]
[White "Schipper,P"]
[Black "Cornelisse,J"]
[Result "1-0"]
[WhiteElo "2103"]
[BlackElo "2186"]

1.c4 e5 2.g3 Nc6 3.Nc3 Nf6 4.Bg2 Bc5 5.Nf3 d6 6.O-O O-O 7.a3 a5 8.d3 h6 9.h3 Re8
10.e3 e4 11.Ne1 exd3 12.Nxd3 Bb6 13.b3 Bf5 14.Bb2 Qd7 15.Nf4 Ne5 16.Kh2 c6
17.e4 Bh7 18.f3 Rad8 19.Qd2 Qe7 20.Rad1 Bc7 21.Rfe1 Nfd7 22.Nd3 Nc5 23.Nxc5 dxc5
24.Qe3 Ng6 25.f4 Nf8 26.Bf3 Ne6 27.Na4 b5 28.cxb5 cxb5 29.Nc3 Nd4 30.Qf2 Bb6
31.Nd5 Rxd5 32.exd5 Nxf3+ 33.Qxf3 Qxe1 34.Rxe1 Rxe1 35.f5 f6 36.d6 Kh8 37.Bc3 Rc1
38.Qd3 c4 39.bxc4 bxc4 40.Qd2 Rf1 41.d7 Bxf5 42.d8=Q+ Bxd8 43.Qxd8+ Kh7 44.Qd5 Bd3
45.Bxa5 f5 46.g4 f4 47.Qd4 Kg8 48.Bc3 f3 49.Qxg7+  1-0

[Event "ch-BEL Open 2013"]
[Site "Antwerp BEL"]
[Date "2013.07.12"]
[Round "7.16"]
[White "Barbier,Wim"]
[Black "Van der Stricht,J"]
[Result "1/2-1/2"]
[WhiteElo "2115"]
[BlackElo "1890"]

1.c4 e5 2.g3 d6 3.Bg2 f5 4.Nc3 Nf6 5.d3 Be7 6.e4 fxe4 7.dxe4 c6 8.h3 O-O
9.b3 Na6 10.Nge2 Qe8 11.Be3 Qh5 12.g4 Qe8 13.Ng3 g6 14.O-O Nd7 15.Qd2 Nac5
16.Bh6 Rf7 17.Nce2 Ne6 18.Rad1 a5 19.f4 Nxf4 20.Nxf4 exf4 21.Bxf4 Ne5 22.c5 Bf8
23.cxd6 Rd7 24.Qc3 Bg7 25.Qc5 Ra6 26.Rf2 b6 27.Qc1 Bb7 28.Bf1 Ra8 29.Be3 c5
30.Bb5 Bc6 31.Bxc6 Nxc6 32.Qc4+ Kh8 33.Qb5 Be5 34.Qxc6 Bxg3 35.Rf3 Rc8 36.Qxb6 Qe5
37.Qa6 Rcd8 38.Qc4 Rxd6 39.Rdf1 Rd1 40.Bxc5 Rxf1+ 41.Rxf1 Bh4 42.Qc2 Rc8
43.Rf8+ Rxf8 44.Bxf8 Qg3+ 45.Qg2 Qe3+ 46.Kh1 Qc1+ 47.Qg1 Qf4 48.Ba3 Qxe4+
49.Qg2 Qe1+  1/2-1/2

[Event "ch-BEL Open 2013"]
[Site "Antwerp BEL"]
[Date "2013.07.12"]
[Round "7.20"]
[White "Bex,Lennert"]
[Black "Peleman,T"]
[Result "0-1"]
[WhiteElo "1837"]
[BlackElo "2022"]

1.c4 e5 2.g3 g6 3.Bg2 Bg7 4.Nc3 Nf6 5.b3 O-O 6.Bb2 Nc6 7.e3 d6 8.Nge2 Be6
9.O-O Qc8 10.Re1 Bg4 11.d3 Re8 12.Qd2 h6 13.Nd5 Nh7 14.Kh1 Ng5 15.Ng1 Ne7
16.Nxe7+ Rxe7 17.f3 Bd7 18.e4 c5 19.f4 Nh7 20.Ne2 Bc6 21.Nc3 Qg4 22.Nd5 Bxd5
23.exd5 Rae8 24.fxe5 Bxe5 25.Bxe5 Rxe5 26.Rxe5 Rxe5 27.Re1 Qd4 28.Bf1 Kg7
29.Rxe5 Qxe5 30.a3 Qa1 31.Kg1 Ng5 32.Kg2 Qxa3 33.h4 Nh7 34.Qc3+ Kg8 35.d4 b6
36.dxc5 bxc5 37.Qe3 Qb2+ 38.Kg1 Nf6 39.Be2 Kg7 40.Kf1  0-1

[Event "Styrian Open A 2013"]
[Site "Bad Gleichenberg AUT"]
[Date "2013.07.12"]
[Round "7.12"]
[White "Eichhorn,An"]
[Black "Hatzl,J"]
[Result "1/2-1/2"]
[WhiteElo "2340"]
[BlackElo "2121"]

1.c4 e5 2.g3 Nf6 3.Bg2 d5 4.cxd5 Nxd5 5.Nf3 Nc6 6.O-O Be7 7.d4 exd4 8.Nxd4 Nxd4
9.Qxd4 Nf6 10.Qxd8+ Bxd8 11.Bf4 c6 12.Nc3 Be6 13.b4 a6 14.a4 Rc8 15.Rfc1 Bc7
16.b5 Bxf4 17.gxf4 axb5 18.axb5 O-O 19.b6 Nd7 20.Rcb1 Rfd8 21.Ra7 Nc5 22.Ra5 Nb3
23.Ra7 Nc5 24.Rb2 Ra8 25.h4 Bc4 26.Ne4 Nxe4 27.Bxe4 Rab8 28.f3 g6 29.f5 Kg7
30.Kf2 Kf6 31.fxg6 hxg6 32.f4 Ke6 33.Bf3 Bd5 34.e4 Bc4 35.e5 f5 36.h5 gxh5
37.Bxh5 Rh8 38.Rb4 Rxh5 39.Rxc4 Rh2+ 40.Ke3 Rh3+ 41.Ke2 Rh2+  1/2-1/2

[Event "St. Pauli Open 2013"]
[Site "Hamburg GER"]
[Date "2013.07.12"]
[Round "7.9"]
[White "Scheerer,C"]
[Black "Kock,S"]
[Result "1-0"]
[WhiteElo "2373"]
[BlackElo "2100"]

1.c4 e5 2.g3 Nf6 3.Bg2 c6 4.d4 e4 5.Nc3 Bb4 6.Bd2 Qe7 7.Qc2 O-O 8.Nxe4 Nxe4
9.Bxe4 Bxd2+ 10.Kxd2 f5 11.Bd3 d6 12.e3 Be6 13.Ne2 Na6 14.a3 Nc7 15.h4 a6
16.Nf4 g6 17.Rad1 c5 18.Qc3 Bd7 19.Kc1 b5 20.Be2 Bc6 21.d5 Bd7 22.Rdg1 Qe4
23.h5 g5 24.h6 Ne8 25.f3 b4 26.axb4 cxb4 27.Qd2 Qe7 28.Nd3 a5 29.Rh5 Kh8
30.Nf2 a4 31.Qd4+ Qf6 32.Rxg5 Qxd4 33.exd4 a3 34.b3 Rf6 35.Rh5 Rg6 36.Rh3 Nf6
37.Nd3 Rb8 38.Nf4 Rgg8 39.Bd3 Rge8 40.Kd2 Ra8 41.Ra1 Re7 42.Rh2 Rae8 43.Re2 Ng8
44.c5 Rxe2+ 45.Bxe2 Nxh6 46.c6 Bc8 47.Bc4 Nf7 48.Nd3 Ng5 49.Nxb4 Nxf3+ 50.Kc3 Ng5
51.Bd3 Ne4+ 52.Bxe4 fxe4 53.Rxa3 e3 54.Ra8 Kg7 55.Nd3 e2 56.Ne1 Kf7 57.Kd2 Bf5
58.Rxe8 Kxe8 59.Ng2 Be4 60.Nf4 Bf3 61.b4 Kd8 62.b5 Kc7 63.Nxe2 Bxd5 64.Nc3 Be6
65.d5 Bf7 66.Ke3 Bh5 67.Na4 Bd1  1-0

[Event "23rd Heart of FIN"]
[Site "Jyvaskyla FIN"]
[Date "2013.07.12"]
[Round "7.3"]
[White "Moiseenko,Va"]
[Black "Karasev,Vl"]
[Result "1-0"]
[WhiteElo "2473"]
[BlackElo "2358"]

1.g3 e5 2.c4 d5 3.cxd5 Qxd5 4.Nf3 Bb4 5.Nc3 Bxc3 6.bxc3 e4 7.Nd4 c5 8.Nb5 Qc6
9.c4 a6 10.Nc3 Nf6 11.Bg2 Qe6 12.d3 Qe5 13.Bb2 e3 14.fxe3 Qxe3 15.Nd5 Nxd5
16.Bxd5 O-O 17.Qd2 Qxd2+ 18.Kxd2 Ra7 19.a4 a5 20.Bc3 Ra6 21.Rab1 Nc6 22.Rb5 Nd8
23.Rxc5 Bd7 24.Rxa5 Rh6 25.Ra8 Re8 26.a5 Bc6 27.Bd4 g5 28.Bb6  1-0

[Event "28th Gniot Mem 2013"]
[Site "Police POL"]
[Date "2013.07.12"]
[Round "3.21"]
[White "Zschaebitz,K"]
[Black "Oleniak,W"]
[Result "1-0"]
[WhiteElo "2022"]
[BlackElo "1849"]

1.c4 e5 2.g3 Nc6 3.Bg2 g6 4.e4 Bg7 5.Ne2 d6 6.O-O Be6 7.d3 Nge7 8.Nbc3 O-O
9.Bg5 h6 10.Be3 Qd7 11.Qd2 Kh7 12.Nd5 Ng8 13.Rfc1 Nce7 14.d4 c6 15.Nxe7 Qxe7
16.d5 cxd5 17.cxd5 Bg4 18.f3 Bd7 19.Rc7 b6 20.Rac1 Rfc8 21.Bh3 Rxc7 22.Rxc7 Nf6
23.Qc2 Qd8 24.Bxd7 Nxd7 25.Qc6 Nb8 26.Qb7  1-0

[Event "28th Gniot Mem 2013"]
[Site "Police POL"]
[Date "2013.07.12"]
[Round "3.18"]
[White "Szadkowski,Ka"]
[Black "Jacek,R"]
[Result "1-0"]
[WhiteElo "2184"]
[BlackElo "1835"]

1.c4 e5 2.g3 c6 3.d4 exd4 4.Qxd4 d5 5.Bg2 Nf6 6.Nc3 Be6 7.Bg5 Be7 8.cxd5 cxd5
9.Nf3 Nc6 10.Qa4 O-O 11.O-O h6 12.Be3 a6 13.Nd4 Ne5 14.Nxe6 fxe6 15.Bh3 Qd6
16.Rad1 Nc4 17.Bf4 e5 18.Nxd5 b5 19.Qb3 exf4 20.Nxf4 Qb8 21.Be6+ Rf7 22.Qc2 Qe8
23.b3 Ne5 24.Qf5 Nc6 25.e4 Nd8 26.Bxf7+ Nxf7 27.e5 Nh7 28.h4 Nf8 29.Nd5 Ra7
30.Rfe1 Bc5 31.b4 Be7 32.Qd3 Ne6 33.f4 Nc7 34.Nxe7+ Qxe7 35.e6 Nh8 36.Qd8+ Qe8
37.Rd7 Qxd8 38.Rxd8+ Kh7 39.Rd7 Ng6 40.e7 Ra8 41.Rxc7  1-0

[Event "ch-BEL Open 2013"]
[Site "Antwerp BEL"]
[Date "2013.07.13"]
[Round "8.7"]
[White "Barbier,S"]
[Black "Swijsen,L"]
[Result "0-1"]
[WhiteElo "2115"]
[BlackElo "2177"]

1.c4 e5 2.g3 c6 3.d4 e4 4.Nc3 d5 5.f3 exf3 6.Nxf3 Nf6 7.Bg2 Be7 8.O-O O-O
9.Bf4 a6 10.Qc2 b5 11.cxd5 cxd5 12.e4 Bb7 13.exd5 Nxd5 14.Nxd5 Bxd5 15.Bc7 Qc8
16.Ne5 Qb7 17.Ba5 Nd7 18.Rf5 Rac8 19.Qf2 Bxg2 20.Qxg2 Qxg2+ 21.Kxg2 Rc2+
22.Rf2 Rxf2+ 23.Kxf2 Nxe5 24.dxe5 Bc5+ 25.Kf3 Bd4 26.Bc3 Bxc3 27.bxc3 Rc8
28.Rc1 Rc4 29.Ke3 Kf8 30.Kd3 Ke7 31.h3 Ke6 32.Re1 Rc5 33.Re4 Rd5+ 34.Kc2 Rxe5
35.Rg4 g6 36.Kd2 h5 37.Rb4 Rf5 38.Ke2 Rc5 39.Kd3 Kd6 40.a4 Rd5+ 41.Ke2 Rc5
42.axb5 Rxb5 43.Rf4 Ke6 44.Ra4 a5 45.Ke3 Re5+ 46.Kd3 Kd6 47.g4 h4 48.Rf4 Ke6
49.Rc4 Rd5+ 50.Ke3 f6 51.Rc8 Rd1 52.Ra8 Rh1 53.Ra6+ Kf7 54.Ra7+ Kg8 55.Rxa5 Rxh3+
56.Kd4 Rg3 57.Ra1 Rxg4+ 58.Kd5 h3 59.c4 h2 60.Rh1 Rg2 61.Ke6 Kg7 62.c5 Rc2
63.Kd6 g5 64.c6 g4 65.c7 g3 66.Kd7 g2 67.Rxh2 g1=Q 68.Rxc2 Qd1+  0-1

[Event "Lueneburg Open 2013"]
[Site "Lueneburg GER"]
[Date "2013.07.15"]
[Round "1.12"]
[White "Boldt,Kai-Ulrich"]
[Black "Gazic,J"]
[Result "0-1"]
[WhiteElo "1788"]
[BlackElo "2289"]

1.c4 e5 2.g3 h5 3.h3 h4 4.g4 Nc6 5.Nc3 Bb4 6.Nd5 Nge7 7.a3 Bc5 8.e3 Nxd5
9.cxd5 Ne7 10.b4 Bb6 11.Bb2 d6 12.e4 g5 13.Nf3 Ng6 14.d4 f6 15.Bb5+ Kf7 16.Qd2 Nf4
17.Bf1 Qe7 18.dxe5 fxe5 19.a4 a5 20.bxa5 Rxa5 21.Bc3 Ra8 22.Bb4 Rf8 23.a5 Kg6
24.Qc3 Ba7 25.Nxe5+ Kh6 26.f3 Re8 27.Nc4 Nxd5 28.Qd2 Qf6 29.O-O-O Qa1+ 30.Kc2 Qa4+  0-1

[Event "II ITT LXSBC 2013"]
[Site "Sao Paulo BRA"]
[Date "2013.07.15"]
[Round "3.1"]
[White "Carneiro,Vitor Roberto Castro"]
[Black "Santos,Marcu"]
[Result "1-0"]
[WhiteElo "2238"]
[BlackElo "2337"]

1.c4 e5 2.g3 c6 3.b3 d5 4.Bb2 Bd6 5.cxd5 cxd5 6.Bg2 Nf6 7.Nc3 d4 8.Nb5 O-O
9.Nxd6 Qxd6 10.Nf3 Nc6 11.O-O e4 12.Ne1 Bf5 13.d3 Rfe8 14.dxe4 Bxe4 15.Nf3 Rad8
16.Rc1 Qd5 17.Re1 Ne5 18.Nxe5 Bxg2 19.Nd3 Bh3 20.Nf4 Qf5 21.Qd3 Re4 22.Nxh3 Qxh3
23.f3 Re3 24.Qd2 Ne4 25.Qa5 b6 26.Qxa7 Nc3 27.Qxb6 Rde8 28.Bxc3 dxc3 29.Qd4 g6
30.Qc4 R8e5 31.Rcd1 Rh5 32.Rd8+ Kg7 33.Qd4+ Ree5 34.Qf2 Re3 35.Rd3 Rxd3 36.exd3 Qd7
37.d4 Rd5 38.Qc2 Qc6 39.Rc1 Qf6 40.Qxc3 Rxd4 41.Kg2 h5 42.h4 Qe5 43.Re1 Qf6
44.Re4 Rd1 45.Qxf6+ Kxf6 46.Re2 Ra1 47.Rb2 Ke5 48.b4 Kd4 49.b5 Kc3 50.b6 Kxb2
51.b7 Rxa2 52.b8=Q+ Kc3+ 53.Kh3 Kd4 54.Qf4+  1-0

[Event "22nd Open ch-MKD"]
[Site "Struga MKD"]
[Date "2013.07.15"]
[Round "3.4"]
[White "Stanojoski,Z"]
[Black "Nikolovski,Nikola"]
[Result "1-0"]
[WhiteElo "2411"]
[BlackElo "1989"]

1.c4 e5 2.g3 Nf6 3.Bg2 d6 4.Nc3 Be7 5.e4 O-O 6.Nge2 Nbd7 7.d4 exd4 8.Nxd4 Re8
9.O-O Bf8 10.b3 Nc5 11.Re1 c6 12.Bb2 Qb6 13.Nc2 a5 14.Rb1 Bg4 15.Qd4 Ncd7
16.Qd2 Nc5 17.h3 Be6 18.Nd1 Rad8 19.Bc3 Ra8 20.Kh2 Bxc4 21.Bxf6 gxf6 22.bxc4 Qxb1
23.Nc3 Qb6 24.Ne3 Bh6 25.f4 Rad8 26.Rb1 Qc7 27.Qd1 Qd7 28.Qh5 Bf8 29.h4 f5
30.Bh3 f6 31.Bxf5 Qf7 32.Qxf7+ Kxf7 33.Bxh7 Rb8 34.h5 Red8 35.Bg6+ Kg8 36.Ng4 Bg7
37.Bf5 Kh8 38.Kg2 Bf8 39.h6 Be7 40.Nh2 Bf8 41.h7 Nd7 42.Nf3 Bg7 43.a4 Nf8
44.Nd4 Re8 45.Kf3 Red8 46.Ke3 Re8 47.Kd3 Red8 48.Nf3 Nd7 49.Rh1 Nf8 50.Kc2 Re8
51.Nh4 Re7 52.Kd3 Ree8 53.Ng6+ Nxg6 54.Bxg6 Re7 55.Bf5 Ra8 56.Rb1 Bf8 57.Ne2 Rd8
58.Nd4 d5 59.exd5 cxd5 60.c5 Rde8 61.Kd2 Rc7 62.Ne6 Rc6 63.Nxf8 Rxf8 64.Rb5 Ra8
65.Kd3 Rc7 66.Kd4 Ra6 67.Kxd5 Kg7 68.Kd4 Kh8 69.g4 Ra8 70.Rb6 Kg7 71.Rd6 Re8
72.Kc4 Rf8 73.Kb5 Ra8 74.Kb6 Rf7 75.Rd7 Rxd7 76.Bxd7 Kxh7 77.Kxb7 Rd8 78.c6 Kg7
79.Bf5 Rd5 80.c7  1-0

[Event "10th South Wales Int 2013"]
[Site "Penarth WLS"]
[Date "2013.07.16"]
[Round "6.14"]
[White "Thomas,Jam"]
[Black "Kett,T"]
[Result "0-1"]
[WhiteElo "1887"]
[BlackElo "2230"]

1.g3 e5 2.c4 Nf6 3.Nc3 Bb4 4.Bg2 O-O 5.Nf3 Re8 6.O-O Bxc3 7.bxc3 Nc6 8.Rb1 d6
9.d3 e4 10.Nd4 Ne5 11.f4 exf3 12.Nxf3 Nxf3+ 13.Bxf3 h6 14.e4 c6 15.Bd2 Bh3
16.Re1 Qd7 17.Rb2 Re7 18.Bc1 Rae8 19.Rbe2 Bg4 20.Re3 Bxf3 21.Qxf3 Ng4 22.R3e2 Ne5
23.Qe3 Qg4 24.Kg2 Re6 25.h3 Qg6 26.Qd4 Rf6 27.Rf2 Rxf2+ 28.Kxf2 Qf6+ 29.Kg2 Qf3+
30.Kh2 Nxd3  0-1

[Event "Lueneburg GM 2013"]
[Site "Lueneburg GER"]
[Date "2013.07.17"]
[Round "3.4"]
[White "Svane,R"]
[Black "Wenzel,B"]
[Result "1-0"]
[WhiteElo "2427"]
[BlackElo "2045"]

1.c4 e5 2.g3 Nf6 3.Bg2 c6 4.d4 Bb4+ 5.Bd2 Bxd2+ 6.Qxd2 d6 7.Nc3 Qe7 8.d5 c5
9.e4 O-O 10.Nge2 Ne8 11.O-O g6 12.Rae1 f5 13.f4 Nd7 14.exf5 Rxf5 15.Bh3 Rf8
16.Be6+ Kh8 17.Bxd7 Bxd7 18.fxe5 Rxf1+ 19.Rxf1 dxe5 20.Ne4 Nd6 21.Nxd6 Qxd6
22.Qg5 Kg7 23.Nc3 Re8 24.Ne4 Qe7 25.Nf6 e4 26.Nxe8+ Qxe8 27.d6  1-0

[Event "28th Gniot Mem 2013"]
[Site "Police POL"]
[Date "2013.07.17"]
[Round "8.15"]
[White "Aglave,A"]
[Black "Koziol,Kamil"]
[Result "1/2-1/2"]
[WhiteElo "2113"]
[BlackElo "2035"]

1.c4 e5 2.g3 Nf6 3.Bg2 c6 4.d4 exd4 5.Qxd4 d5 6.cxd5 cxd5 7.Nf3 Nc6 8.Qa4 Bb4+
9.Bd2 Bxd2+ 10.Nbxd2 O-O 11.O-O Re8 12.e3 Qb6 13.Nb3 Bg4 14.Nfd4 Rac8 15.Rfc1 Ne5
16.Qb5 Nc4 17.Qxb6 axb6 18.Rc2 Bh5 19.Bh3 Bg4 20.Bxg4 Nxg4 21.Rac1 Nge5 22.Rd1 Red8
23.Nf5 Kf8 24.Nbd4 g6 25.Nh4 Nc6 26.a3 N4e5 27.Nhf3 Nxf3+ 28.Nxf3 Ne5 29.Rxc8 Nxf3+
30.Kg2 Ne1+ 31.Rxe1 Rxc8 32.Re2 Ke7 33.Rd2 Ke6 34.Kf3 h5 35.h4 Ke5 36.Ke2 Rc4
37.Kd3 b5 38.b3  1/2-1/2

[Event "113th ch-SUI 2013"]
[Site "Graechen SUI"]
[Date "2013.07.18"]
[Round "8.5"]
[White "Cebalo,M"]
[Black "Raetsky,A"]
[Result "0-1"]
[WhiteElo "2438"]
[BlackElo "2412"]

1.c4 e5 2.g3 c6 3.d4 e4 4.Nc3 d5 5.Bg2 Nf6 6.cxd5 cxd5 7.Bg5 Nbd7 8.h4 h6
9.Bf4 Bb4 10.Rc1 O-O 11.Qb3 Qe7 12.a3 Bd6 13.Bxd6 Qxd6 14.e3 a6 15.a4 Nb8
16.Nge2 Nc6 17.O-O Rd8 18.Na2 Bg4 19.Rfe1 Na5 20.Qb4 Nc4 21.Rc2 g5 22.Qxd6 Rxd6
23.hxg5 hxg5 24.Nec3 Na5 25.b4 Nc6 26.a5 Kg7 27.Rec1 Rh8 28.Kf1 Rh2 29.Kg1 Rh8
30.Kf1 Rh2 31.Kg1 Rh7 32.Kf1 Bf3 33.Bxf3 exf3 34.Ke1 Rh2 35.Rb1 Re6 36.Kd1 Ng4
37.Rd2 Rxf2 38.Rxf2 Nxf2+ 39.Kd2 Ne4+ 40.Nxe4 dxe4 41.Nc3 f5 42.Nd1 Rh6 43.b5 Nxa5
44.Kc3 Rb6 45.bxa6 Rxb1 46.a7 Rc1+  0-1